000 00335 a2200145 4500
001 164107
020 _a
040 _cMagnum
100 _aMocelin, Renato
240 1 0 _aCanudos: fanatismo ou luta pela terra ?
_lpor
245 1 0 _aCanudos: fanatismo ou luta pela terra ?
362 0 _a1899
697 _aPARADIDATICO
942 _cBK
999 _c164107
_d164107